|
|
|
|
| LEADER |
00654nam a2200181 a 4500 |
| 001 |
000636035 |
| 003 |
CZ BrMZK |
| 005 |
20021118100644.0 |
| 008 |
021113s1950 xr f cze d |
| 040 |
|
|
|a BOA001
|b cze
|c BOA001
|
| 100 |
1 |
|
|a Gropper, William
|4 aut
|
| 245 |
1 |
0 |
|a William Gropper :
|b výstava karikatur a kreseb, květen-červen 1950 : SVU Aleš - Dům umění, Brno : seznam vystavených prací
|
| 260 |
|
|
|a Brno :
|b Dům umění,
|c 1950
|
| 300 |
|
|
|a 5 s.
|
| 710 |
2 |
|
|a Dům umění města Brna
|7 ko2002101743
|
| 910 |
|
|
|a BOA001
|b X-0550.902
|
| 990 |
|
|
|a BK
|
| 996 |
6 |
|
|b 2618928704
|c X-0550.902
|l MZK
|r Sklad / do 24 hodin
|n 0
|w 000636035
|u 000010
|a 1
|e BOA001
|j MZK50
|s P
|